NOVAK DJOKOVIC : (Record no. 181787)

MARC details
000 -LEADER
fixed length control field 01791nam a22002891i 4500
005 - DATE AND TIME OF LATEST TRANSACTION
control field 20210203121623.0
008 - FIXED-LENGTH DATA ELEMENTS--GENERAL INFORMATION
fixed length control field 210203r2017 -uka|||g ||| 001 0beng d
020 ## - INTERNATIONAL STANDARD BOOK NUMBER
International Standard Book Number 9781786064608
Terms of availability RM 69.08
Qualifying information paperback
040 ## - CATALOGING SOURCE
Original cataloging agency PPAK
Language of cataloging eng
Transcribing agency PPAK
Description conventions rda
082 04 - DEWEY DECIMAL CLASSIFICATION NUMBER
Edition number 23
Classification number 796.342092
090 00 - LOCALLY ASSIGNED LC-TYPE CALL NUMBER (OCLC); LOCAL CALL NUMBER (RLIN)
Classification number (OCLC) (R) ; Classification number, CALL (RLIN) (NR) 796.342092
Feature heading BOW
Feature heading G
100 1# - MAIN ENTRY--PERSONAL NAME
Personal name Bowers, Chris,
Relator term author.
240 10 - UNIFORM TITLE
Uniform title Sporting statesman
245 10 - TITLE STATEMENT
Title NOVAK DJOKOVIC :
Remainder of title THE BIOGRAPHY /
Statement of responsibility, etc. CHRIS BOWERS
250 ## - EDITION STATEMENT
Edition statement NEW & UPDATED EDITION
264 #1 - PRODUCTION, PUBLICATION, DISTRIBUTION, MANUFACTURE, AND COPYRIGHT NOTICE
Place of production, publication, distribution, manufacture London :
Name of producer, publisher, distributor, manufacturer John Blake,
Date of production, publication, distribution, manufacture, or copyright notice 2017
300 ## - PHYSICAL DESCRIPTION
Extent xxi, 345 pages :
Other physical details illustrations (black and white) ;
Dimensions 20 cm.
336 ## - CONTENT TYPE
Source rdacontent
Content type term text
337 ## - MEDIA TYPE
Source rdamedia
Media type term unmediated
338 ## - CARRIER TYPE
Source rdacarrier
Carrier type term volume
500 ## - GENERAL NOTE
General note Includes bibliographical references and index.
520 ## - SUMMARY, ETC.
Summary, etc. In this study of both Djokovic and Serbia, Chris Bowers paints two powerful portraits. He traces the story of the boy from modest surroundings, telling of how he met the woman who not only taught him tennis but how to deal with life as a high-profile icon, charts his battle with illness and his relationship with a volatile father, and how his on-court deeds have made his country proud. But he also tells the story of Serbia, pulling no punches about its role in the 1990s wars but offering a sensitive interpretation of the hopes and aspirations of a people with a troubled past. Bowers, biographer of Swiss tennis star Roger Federer and the British deputy prime minister Nick Clegg, weaves together these sporting and geo-political strands to present a sensitive portrait of a man and his people, and how determination married to sensitivity can create a sporting statesman.
600 10 - SUBJECT ADDED ENTRY--PERSONAL NAME
Personal name Djokovic, Novak.
650 #0 - SUBJECT ADDED ENTRY--TOPICAL TERM
Topical term or geographic name entry element Tennis players
Geographic subdivision Serbia
Form subdivision Biography.
655 #0 - INDEX TERM--GENRE/FORM
Genre/form data or focus term Biography.
942 ## - ADDED ENTRY ELEMENTS (KOHA)
Source of classification or shelving scheme Dewey Decimal Classification
Koha item type Book
Holdings
Withdrawn Not for loan Current library Shelving location Date acquired Full call number Barcode Date last seen Koha item type
    Perpustakaan Alor Setar Pinjaman Dewasa 18/02/2021 796.342092 BOW A01675062 18/02/2021 Book
    Perpustakaan Awam Sungai Petani Pinjaman Dewasa 18/02/2021 796.342092 BOW A01675063 18/02/2021 Book
    Perpustakaan Baling Pinjaman Dewasa 18/02/2021 796.342092 BOW A01675064 18/02/2021 Book